How to observe children. (2nd ed.) (Record no. 76383)

MARC details
000 -LEADER
fixed length control field 01560nam a2200253 a 4500
008 - FIXED-LENGTH DATA ELEMENTS--GENERAL INFORMATION
fixed length control field 150429s2008 ||||||||||||||||| || u
020 ## - INTERNATIONAL STANDARD BOOK NUMBER
International Standard Book Number 9780435987664
050 ## - LIBRARY OF CONGRESS CALL NUMBER
Classification number LB 1027 Rid
100 ## - MAIN ENTRY--PERSONAL NAME
Personal name Riddall-Leech, Sheila
245 10 - TITLE STATEMENT
Title How to observe children. (2nd ed.)
Statement of responsibility, etc. By Sheila Riddall-Leech
250 ## - EDITION STATEMENT
Edition statement 2nd ed.
260 ## - PUBLICATION, DISTRIBUTION, ETC.
Place of publication, distribution, etc. Malaysia
Name of publisher, distributor, etc. Heinemann
Date of publication, distribution, etc. 2008
300 ## - PHYSICAL DESCRIPTION
Extent v, 169 pages : illustrations
350 ## -
-- 30.50
650 #0 - SUBJECT ADDED ENTRY--TOPICAL TERM
Topical term or geographic name entry element OBSERVATION (EDUCATIONAL METHOD)
650 #0 - SUBJECT ADDED ENTRY--TOPICAL TERM
Topical term or geographic name entry element EDUCATIONAL TESTS AND MEASUREMENTS
650 #0 - SUBJECT ADDED ENTRY--TOPICAL TERM
Topical term or geographic name entry element EARLY CHILDHOOD EDUCATION
995 ## -
-- ANNEX COLLECTION (Main Library)
-- 745212
-- CBU-MAIN LIBRARY (Kitwe)
-- 30.50
-- LB 1027 Rid
-- 3
-- AVAILABLE
-- May 13, 2015
-- 745212
-- Annex Low-Usage Collection
995 ## -
-- ANNEX COLLECTION (Main Library)
-- 745213
-- CBU-MAIN LIBRARY (Kitwe)
-- 30.50
-- LB 1027 Rid
-- 4
-- AVAILABLE
-- May 13, 2015
-- 745213
-- Annex Low-Usage Collection
995 ## -
-- ANNEX COLLECTION (Main Library)
-- 745210
-- CBU-MAIN LIBRARY (Kitwe)
-- 30.50
-- LB 1027 Rid
-- 1
-- AVAILABLE
-- May 13, 2015
-- 745210
-- Annex Low-Usage Collection
995 ## -
-- MAIN LIBRARY OPEN ACCESS
-- 745214
-- CBU-MAIN LIBRARY (Kitwe)
-- 30.50
-- LB 1027 Rid
-- 5
-- AVAILABLE
-- May 13, 2015
-- 745214
-- Main Library Open Access Collection
995 ## -
-- ANNEX COLLECTION (Main Library)
-- 745211
-- CBU-MAIN LIBRARY (Kitwe)
-- 30.50
-- LB 1027 Rid
-- 2
-- AVAILABLE
-- May 13, 2015
-- 745211
-- Annex Low-Usage Collection
995 ## -
-- MAIN LIBRARY OPEN ACCESS
-- 745215
-- CBU-MAIN LIBRARY (Kitwe)
-- 30.50
-- LB 1027 Rid
-- 6
-- AVAILABLE
-- May 13, 2015
-- 745215
-- Main Library Open Access Collection
999 ## -
-- 76383
-- 76383
Holdings
Withdrawn status Lost status Source of classification or shelving scheme Damaged status Not for loan Permanent Location Current Location Date acquired Full call number Barcode Date last seen Copy number Price effective from Koha item type Shelving location Total Checkouts
Withdrawn         CBU-MAIN LIBRARY, KITWE. CBU-MAIN LIBRARY, KITWE. 04/25/2023 LB 1027 Rid 745212 04/25/2023 1 04/25/2023 MONOGRAPH    
          CBU-MAIN LIBRARY, KITWE. CBU-MAIN LIBRARY, KITWE. 04/25/2023 LB 1027 Rid 745213 04/25/2023 2 04/25/2023 MONOGRAPH    
          CBU-MAIN LIBRARY, KITWE. CBU-MAIN LIBRARY, KITWE. 04/25/2023 LB 1027 Rid 745210 04/25/2023 3 04/25/2023 MONOGRAPH    
          CBU-MAIN LIBRARY, KITWE. CBU-MAIN LIBRARY, KITWE. 04/25/2023 LB 1027 Rid 745214 04/25/2023 4 04/25/2023 MONOGRAPH    
          CBU-MAIN LIBRARY, KITWE. CBU-MAIN LIBRARY, KITWE. 04/25/2023 LB 1027 Rid 745211 04/25/2023 5 04/25/2023 MONOGRAPH    
          CBU-MAIN LIBRARY, KITWE. CBU-MAIN LIBRARY, KITWE. 04/25/2023 LB 1027 Rid 745215 04/25/2023 6 04/25/2023 MONOGRAPH